The child who never grew/ (Record no. 144)

MARC details
000 -LEADER
fixed length control field 00688nam a2200217 a 4500
005 - DATE AND TIME OF LATEST TRANSACTION
control field 20260322212008.0
008 - FIXED-LENGTH DATA ELEMENTS--GENERAL INFORMATION
fixed length control field data
010 ## - LIBRARY OF CONGRESS CONTROL NUMBER
LC control number 92-34844
020 ## - INTERNATIONAL STANDARD BOOK NUMBER
International Standard Book Number 0933149492
020 ## - INTERNATIONAL STANDARD BOOK NUMBER
International Standard Book Number 978-0-933149-49-6
099 ## - LOCAL FREE-TEXT CALL NUMBER (OCLC)
Classification number BUCKC
001 - CONTROL NUMBER
control field data
100 1# - MAIN ENTRY--PERSONAL NAME
Personal name Buck, Pearl S. 1892-1973.
Fuller form of name (Pearl Sydenstricker)
245 14 - TITLE STATEMENT
Title The child who never grew/
Statement of responsibility, etc. Pearl S. 1892-1973 Buck.
260 ## - PUBLICATION, DISTRIBUTION, ETC.
Place of publication, distribution, etc. Rockville, Maryland
Name of publisher, distributor, etc. Woodbine House.
Date of publication, distribution, etc. c1992
300 ## - PHYSICAL DESCRIPTION
Extent 107 p.
650 #4 - SUBJECT ADDED ENTRY--TOPICAL TERM
Topical term or geographic name entry element Buck, Pearl S. (Pearl Sydenstricker).
650 #4 - SUBJECT ADDED ENTRY--TOPICAL TERM
Topical term or geographic name entry element Mentally handicapped children
Geographic subdivision United States
General subdivision history
650 #4 - SUBJECT ADDED ENTRY--TOPICAL TERM
Topical term or geographic name entry element Mother and daughters
Geographic subdivision United States
650 #4 - SUBJECT ADDED ENTRY--TOPICAL TERM
Topical term or geographic name entry element Parents of handicapped children
Geographic subdivision United States
Form subdivision biography
Holdings
Withdrawn status Lost status Damaged status Not for loan Home library Current library Shelving location Date acquired Total checkouts Full call number Barcode Date last seen Price effective from Koha item type
        Centerville Centerville General stacks 22/03/2026   GEN BC0010148 22/03/2026 22/03/2026 Books